00289nam a2200109Ia 4500100001300000654001900013245006700032260004500099082001500144300000800159546001200167 aMar Amy  aDigital signal aDigital signal processing Application using ADSP-200 Family bPrentice Hall of IndiaaNew Jerseyc1990 a621.381043 a585 aENGLISH